[Event "Voronezh CC-ch"]
[Site "Voronezh"]
[Date "2014.10.24"]
[Round "7"]
[White "Tatarintsev, Egor"]
[Black "Kortunov, A."]
[Result "1-0"]
[WhiteElo "1671"]
[BlackElo "1773"]
[PlyCount "83"]
[EventDate "2014.10.17"]
[EventType "swiss"]
[EventRounds "9"]
[EventCountry "RUS"]
[SourceTitle "CBM 163 Extra"]
[Source "ChessBase"]
[SourceDate "2014.12.23"]
[SourceVersion "1"]
[SourceVersionDate "2014.12.23"]
[SourceQuality "1"]

1. e4 c5 2. c3 d5 3. exd5 Qxd5 4. Nf3 Bg4 5. Qa4+ Bd7 6. Qb3 Qxb3 7. axb3 Nc6 8. Na3 a6 9. Nc4 Rd8 10. Be2 Nf6 11. 0-0 e6 12. d3 Nd5 13. Be3 Be7 14. d4 0-0 15. Nce5 Nxe3 16. fxe3 Bd6 17. Nxc6 Bxc6 18. Rad1 b5 19. Rd2 Rd7 20. Rfd1 Rfd8 21. Ne1 cxd4 22. exd4 Bf4 23. Rd3 Be4 24. Rh3 e5 25. Bd3 Bd5 26. Bxh7+ Kf8 27. Bc2 Be6 28. Rh8+ Ke7 29. Rxd8 Rxd8 30. dxe5 Rxd1 31. Bxd1 Bf5 32. Bc2 Bxc2 33. Nxc2 Bc1 34. Nb4 Bxb2 35. Nxa6 Bxc3 36. Nc7 b4 37. Kf2 Kd7 38. Nd5 Kc6 39. Nxc3 bxc3 40. Ke3 Kb5 41. Kd3 Kb4 42. Kc2 1-0

[Event "Voronezh CC-ch"]
[Site "Voronezh"]
[Date "2014.10.21"]
[Round "4"]
[White "Kortunov, A."]
[Black "Korpusenko, Evgeny"]
[Result "1-0"]
[WhiteElo "1773"]
[BlackElo "1970"]
[PlyCount "91"]
[EventDate "2014.10.17"]
[EventType "swiss"]
[EventRounds "9"]
[EventCountry "RUS"]
[SourceTitle "CBM 163 Extra"]
[Source "ChessBase"]
[SourceDate "2014.12.23"]
[SourceVersion "1"]
[SourceVersionDate "2014.12.23"]
[SourceQuality "1"]

1. e4 d6 2. d4 Nf6 3. Nc3 e5 4. dxe5 dxe5 5. Qxd8+ Kxd8 6. Bg5 c6 7. 0-0-0+ Nbd7 8. Bc4 Ke8 9. Nge2 b5 10. Bd3 a5 11. Be3 h6 12. Bd2 Ng4 13. Rdf1 Bc5 14. Nd1 g6 15. f4 Bd6 16. f5 Ke7 17. h3 Ngf6 18. c3 Ba6 19. Ne3 Nc5 20. Bc2 g5 21. Rd1 Rab8 22. Ng4 b4 23. Nxf6 Kxf6 24. cxb4 Nb7 25. bxa5 Ke7 26. Bc3 Bc7 27. Bd3 Bxd3 28. Rxd3 Nxa5 29. Rhd1 Rhd8 30. Kc2 f6 31. Rxd8 Rxd8 32. Bb4+ Ke8 33. Rxd8+ Kxd8 34. Bxa5 Bxa5 35. Kd3 Kd7 36. Kc4 Bd8 37. b4 Kc7 38. a4 Kb6 39. Ng3 Kc7 40. Nh5 Be7 41. g4 Kb7 42. b5 Kb6 43. a5+ Kc7 44. bxc6 Kxc6 45. a6 Bc5 46. Nxf6 1-0

[Event "Voronezh Elo-B"]
[Site "Voronezh"]
[Date "2007.05.12"]
[Round "7"]
[White "Provkin, Vladimir"]
[Black "Kortunov, A."]
[Result "1-0"]
[WhiteElo "2317"]
[BlackElo "2071"]
[PlyCount "43"]
[EventDate "2007.04.24"]
[EventType "swiss"]
[EventRounds "9"]
[EventCountry "RUS"]
[SourceTitle "EXT 2010"]
[Source "ChessBase"]
[SourceDate "2010.11.25"]
[SourceVersion "1"]
[SourceVersionDate "2010.11.25"]
[SourceQuality "1"]

1. d4 Nf6 2. Bg5 e6 3. e4 h6 4. Bxf6 Qxf6 5. c3 d6 6. Nd2 c5 7. Ngf3 Nc6 8. d5 exd5 9. exd5 Ne5 10. Bb5+ Bd7 11. Bxd7+ Nxd7 12. 0-0 Be7 13. Qa4 a6 14. Rfe1 0-0-0 15. b4 Rhe8 16. b5 Kc7 17. bxa6 Ra8 18. a7 Qxc3 19. Rac1 Nb6 20. Qxe8 Rxe8 21. Rxc3 Nxd5 22. Rd3 1-0

[Event "Voronezh Elo-B"]
[Site "Voronezh"]
[Date "2007.05.05"]
[Round "5"]
[White "Kornilov, Peter"]
[Black "Kortunov, A."]
[Result "1-0"]
[WhiteElo "2069"]
[BlackElo "2071"]
[PlyCount "46"]
[EventDate "2007.04.24"]
[EventType "swiss"]
[EventRounds "9"]
[EventCountry "RUS"]
[SourceTitle "EXT 2010"]
[Source "ChessBase"]
[SourceDate "2010.11.25"]
[SourceVersion "1"]
[SourceVersionDate "2010.11.25"]
[SourceQuality "1"]

1. e4 e6 2. d3 d5 3. Nd2 Nc6 4. g3 Nf6 5. Bg2 Bc5 6. c3 e5 7. exd5 Nxd5 8. Ne4 Bb6 9. Qb3 Nde7 10. Qc2 Bf5 11. Nf3 Qd7 12. 0-0 Rd8 13. Ne1 0-0 14. b4 Nd5 15. Bb2 Qe6 16. a4 a5 17. b5 Nce7 18. Rc1 c6 19. Ba3 cxb5 20. axb5 Rd7 21. Nf3 h6 22. Ned2 Rfd8 23. Nc4 Nc8 1-0

[Event "Voronezh Elo-B"]
[Site "Voronezh"]
[Date "2007.04.28"]
[Round "3"]
[White "Kiselev, Maxim2222"]
[Black "Kortunov, A."]
[Result "1-0"]
[WhiteElo "2144"]
[BlackElo "2071"]
[PlyCount "61"]
[EventDate "2007.04.24"]
[EventType "swiss"]
[EventRounds "9"]
[EventCountry "RUS"]
[SourceTitle "EXT 2010"]
[Source "ChessBase"]
[SourceDate "2010.11.25"]
[SourceVersion "1"]
[SourceVersionDate "2010.11.25"]
[SourceQuality "1"]

1. d4 Nf6 2. c4 e6 3. Nf3 d5 4. Nc3 Be7 5. Bg5 0-0 6. e3 h6 7. Bh4 Ne4 8. Bxe7 Qxe7 9. Qc2 Nxc3 10. Qxc3 c6 11. Bd3 dxc4 12. Bxc4 b5 13. Bd3 Bb7 14. Rc1 Nd7 15. 0-0 Rfc8 16. Be4 Nf6 17. Bb1 Rc7 18. a3 Rac8 19. b4 Nd7 20. Qd3 g6 21. e4 e5 22. Qe3 g5 23. dxe5 Nxe5 24. Nxe5 Qxe5 25. Rc5 Qe7 26. e5 Qe6 27. f4 Qe7 28. Qe4 f6 29. fxg5 fxg5 30. Rf6 Rf8 31. Ba2+ 1-0